00721cam a2200229 a 4500001000800000005001700008008004100025010001700066020002500083040001800108041000800126080001200134082001900146100000600165101000800171245009400179504003000273906004500303942001200348999001700360952011400377140824020180224030212.0830920s1984 caua b 001 0 eng  a 83062834  a0874845610 :c$18.95 aDLCcDLCdDLC aeng a613.07 00a613.07 WIN219 a4 aSHM00aEvaluation of health promotion and education programs /cRichard A. Windsor ... [et al.]. aBibliography: p. 341-360. a7bcbccorignewd3eopcnf19gy-gencatlg 2ddccBK c43347d43347 00102udc40708PËKGa002b002cPËKGd2018-02-24l0o613.07 WINp002-2999640r2018-02-24w2018-02-24yBK